000 00654nam a2200253 a 4500
001 nice12345678
003 IN_TiNIC
005 20260116012132.0
008 050524s1979 dela grp 000 0 eng
020 _a
_c100
082 0 0 _a954.035092
_bMUS1
100 _aMushirul Hasan,
245 _aMuslims and the Congress
_b Select Correspondence of Dr. M.A. Ansari 1912-193
260 _aDelhi
_bManohar
_c1979
300 _a335p
500 _aincludes index and biblioraphy
505 2 _aIndex
650 _aAnsari-Mukhtar Ahmad
650 _aIndia-Politics
700 1 _aMushirul Hasan,
902 _bSRS
942 _cBK
999 _c5774
_d5774